000 00782nam a2200205 4500
008 230530b |||||||| |||| 00| 0 eng d
020 _a9781119668251
050 _aHD30.2
_b.P43 2020
100 _aPearlson, Keri E
245 _aManaging and using information systems :
_ba strategic approach /
_cKeri E. Pearlson, Carol S. Saunders, & Dennis F. Galletta
250 _a7th ed.
_bEMEA edition
260 _aHoboken,
_bJohn Wiley,
_c 2020.
300 _axvi,318p. :
_b ill. ;
_c 28 cm
500 _aInclude index
650 _aCOMPUTERS Management Information Systems
650 _ainformation technology Management
_vKnowledge management
_xMIS
700 _a Saunders, Carol S.;
700 _aGalletta, Dennis F.
942 _2lcc
_cBOOKS
_hHD30.2 .P43 2020
999 _c31573
_d31573